000 01143cam a22003257a 4500
003 CHAP
005 20220329142548.0
008 010926d mx r 00110 spa d
010 _a84943
011 _a85915
020 _a929146080X
035 _a96453
040 _cCHAP
090 _aFolleto 16394
110 0 0 _aInstituto Internacional de Investigaciones Pecuarias
_959227
245 1 0 _aILRI 1999 :
_bmaking the livestock revolution work for the poor
_c/by International Livestock Research Institute
260 _aNairobi, Kenya :
_bInternational Livestock Research Institute,
_c2000.
300 _a75 p. :
_bilus.
590 _aBATCH-UPD
_b10
_c20130110
_lUCH01
_h0419
590 _aBATCH-UPD
_b10
_c20130410
_lUCH01
_h0054
590 _aBATCH-UPD
_b10
_c20130410
_lUCH01
_h1537
590 _aBATCH-UPD
_b10
_c20130914
_lUCH01
_h1503
590 _aCONVERSION
_b10
_c20130109
_lUCH01
_h1347
650 1 4 _aGanadería
_xInvestigación
_zKenya.
_944807
650 1 4 _aGanadería
_xPaíses subdesarrollados.
_944835
901 _aBK
905 _aAlejandra Carrasco M.
942 _cFOLL
949 _aFolleto 16394
_bBC
_cFOLL
_d964531
_eTS1
_i96453
_sb
999 _c84943
_d84943